| 000 | 00402cam a2200157ua 4500 | ||
|---|---|---|---|
| 041 |
_ahin _h |
||
| 082 |
_a891.54 _bRAK/BA |
||
| 100 | _aPattithayam, Rakh . | ||
| 245 |
_aVaidehi Vannavasi / _cRakh Pattithayam. _hTextual Documents |
||
| 260 |
_aLucknow : _bHindi Sahithya Bhandar , _c1958. |
||
| 300 | _a120 ; . | ||
| 504 | _a | ||
| 700 | 1 | _aAyodya , Singh . | |
| 942 | _cBK | ||
| 999 |
_c11698 _d11698 |
||